000 00506nam a2200205Ia 4500
005 20250425161608.0
008 250425s9999 xx 000 0 und d
041 _aeng
082 _a622.02
100 _aCUMMINS, ARTHUR B.
245 0 _aSME MINING ENGINEERING HANDBOOK (VOL. 1)
250 _aS.E.
260 _aEstados Unidos
_bSOCIETY OF MINING ENGINEERS
_c1973
260 _aNEW YORK
300 _a1687
650 _aMINERIA
650 _aPROYECTOS MINEROS
942 _c01
010 _a23892
999 _c212247
_d212247